000 00297nam a22001337a 4500
008 170322b xxu||||| |||| 00| 0 eng d
020 _a0807907416
041 _aeng
080 _a616.8
100 _a7
101 _aSHM
245 _aTHE HUMAN BRAIN AND SPINAL CORD
_cHEIMER.L
942 _2udc
_cBK
999 _c8400
_d8400